| 000 | 00542nam a22001697a 4500 | ||
|---|---|---|---|
| 008 | 230316b |||||||| |||| 00| 0 eng d | ||
| 020 | _a2-88124-800-4 | ||
| 040 |
_aNational Science Library _cNational Science Library |
||
| 080 |
_aD 59.681 _bN1 |
||
| 245 | _aRecent developments in mathematical programming | ||
| 260 |
_aPhiladelphia: _bGordon and Breach Science Publisher, _c1991 |
||
| 300 | _axi, 457p. | ||
| 650 | _aRecent development | ||
| 653 | _aMathematical programming | ||
| 700 | _aKumar, Santosh (Ed.) | ||
| 942 |
_2udc _cBK |
||
| 999 |
_c9960 _d9960 |
||